LEADER 01343nam a2200301 i 4500 001 000000252132 003 CaOOAMICUS 005 20161219000000.0 008 161219s2016 it u000 u ita u 013 $a231037 020 $a978-88-7105-363-9 040 $aSeMil$bita 100 1 $aRamina, Antonio.$0(OLS)http://semarc/name/83623 245 12$aL'esperienza cristiana :$bpercorsi di filosofia, teologia e spiritualitą /$cAntonio Ramina, Roberto Tommasi, Giovanni Trabucco. 260 $aMilano :$bGlossa,$c2016. 300 $aXIV, 134 p. ;$c20 cm. 490 0 $aSapientia ;$v73 650 4$aEsperienza religiosa.$0(OLS)http://semarc/subject/427 650 4$aEsperienza - Teologia.$0(OLS)http://semarc/subject/35221 700 1 $aTrabucco, Giovanni,$d<1960- >.$0(OLS)http://semarc/name/30887 700 1 $aTommasi, Roberto.$0(OLS)http://semarc/name/19607 830 0$aSapientia ;$v73.$0(OLS)http://semarc/title/625 850 $aSeMil 852 $aSeMil$W1$xVenegono$y1$m2KA O 73$j229420$B202478$CSeMilBibl$Z2$F215355 $81 961 $aOmaggio: Altro 996 $6020$a978-88-7105-363-9$9(OLS)http://semarc/number/263271 996 $6245$aL'esperienza cristiana :$bpercorsi di filosofia, teologia e spiritualitą$9(OLS)http://semarc/title/354336 996 $6260$aMilano :$bGlossa$9(OLS)http://semarc/publisher/29635 LEADER 00944nam a2200229 i 4500 001 000000182831 003 CaOOAMICUS 005 20091031000000.0 008 091031s1980 it u000 u ita u 013 $a160792 040 $aSeMil$bita 100 1 $aBattistella, Giulio,$d<1930-2013>.$0(OLS)http://semarc/name/41062 245 10$aMorire per l'uomo :$bla persecuzione in Argentina /$cGiulio Battistella. 260 $aBologna :$bEMI,$cstampa 1980. 300 $a154 p. ;$c19 cm. 490 0 $aQuaderni Asal ;$vNuova serie15. 650 4$aAmerica Latina.$0(OLS)http://semarc/subject/3504 830 0$aQuaderni Asal ;$vNuova serie15.$0(OLS)http://semarc/title/11326 850 $aSeMil 852 $aSeMil$W1$xVenegono$y1$m3E I 241$j133535$B133535$CSeMilBibl$Z2$F145305 $81 996 $6245$aMorire per l'uomo :$bla persecuzione in Argentina$9(OLS)http://semarc/title/262356 996 $6260$aBologna :$bEMI$9(OLS)http://semarc/publisher/29618